Conta-corrente (Registo nº 202091)

Detalhes MARC
000 -Etiqueta do registo
Valores 00661nam 22001933 4500
100 ## - Dados gerais de processamento
Dados gerais 20240110d u||y0pory50 ba
200 ## - Titulo e menção de responsabilidade
Título próprio Conta-corrente
Primeira menção de responsabilidade Vergílio Ferreira
210 ## - Publicação
Local de publicação Amadora
Nome do editor Livraria Bertrand
Data de publicação 1980-1981
215 ## - Descrição física 
Paginação / Volumes 2 vols
Outras indicações físicas brochado
Dimensões 23 cm
300 ## - Notas gerais 
Texto da nota Contém algumas notas do Prof. Dr. Almeida Faria ao longo dos dois livros
327 ## - Nota de conteúdo
Texto da nota vol.1 (1969-1976).- 393 p.<br/>vol.2 (1977-1979).- 341, [1] p.<br/><br/>
606 ## - Nome comum usado como assunto
Palavra de ordem Literatura Portuguesa
ID Autoridade 6
675 ## - CDU
Notação 821.134.3-3
Edição PT
Língua por
700 ## - Autor principal (pessoa individual)
ID Autoridade 1045
Apelido Ferreira
Nome Vergílio
Datas 1916-1996
801 ## - Fonte de origem
País PT
Agência BMMN
Regras de catalogação RPC
830 ## - Notas gerais do catalogador
Criado por Ana Falardo
Indexado por Ana Falardo
990 ## - Elementos KOHA
Tipo de documento Livro
Exemplares
Situação do levantamento Biblioteca de origem Código de barras Cota Permissão de empréstimo Tipo de documento Nota relativa ao exemplar Forma de aquisição
  Biblioteca Municipal de Montemor-o-Novo 31507 821.134.3-3 FER|SAF vol.1   Livro Acesso Condicionado Oferta
  Biblioteca Municipal de Montemor-o-Novo 31508 821.134.3-3 FER|SAF vol.2   Livro Acesso Condicionado Oferta

Powered by Koha